| 000 | 00434nam a22001697a 4500 | ||
|---|---|---|---|
| 003 | OSt | ||
| 005 | 20140310182156.0 | ||
| 008 | 130831t xxu||||| |||| 00| 0 eng d | ||
| 020 | _a0451627601 | ||
| 050 |
_aBP 161 _b.L766 1990 |
||
| 082 |
_aHS 297.1 _bL67 1990 |
||
| 245 |
_aUnderstanding islam _cThomas W. Lippman |
||
| 260 |
_aUSA : _bPenguin Books, _c1990 |
||
| 300 |
_a194 p. ; _c18 cm. |
||
| 942 |
_2lcc _cHS |
||
| 999 |
_c10108 _d10108 |
||